|
|
|
|
| LEADER |
01439nam a2200325 4500 |
| 001 |
32540 |
| 003 |
BD-DhAAL |
| 005 |
20190204122303.0 |
| 008 |
180328t2011 bg a | b 000 0 eng d |
| 999 |
|
|
|c 39229
|d 39229
|
| 082 |
|
|
|2 22
|a 305.4095492
|
| 100 |
|
|
|a Kabeer, Naila
|9 25272
|
| 245 |
|
|
|a Does paid work provide a pathway to women's empowerment? :
|b empirical findings form Bangladesh /
|n Working paper no. 05,
|c Naila Kabeer, Simeen Mahmud and Sakiba Tasneem.
|
| 260 |
|
|
|a Dhaka :
|b BRAC Development Institute (BDI),
|c c2011
|
| 300 |
|
|
|a vi, 55 pages :
|b illustrations ;
|c 24 cm.
|
| 490 |
|
|
|a BDI working paper,
|x 2223-0114
|v no. 5/2011
|
| 500 |
|
|
|a "Pathways of Women's Empowerment."
|
| 504 |
|
|
|6 Includes bibliographical references(pages 54-55).
|
| 526 |
|
|
|a AAL
|
| 541 |
|
|
|a Complementary copy
|e 32540
|
| 650 |
|
|
|a Women
|x Social conditions
|z Bangladesh
|9 25273
|
| 650 |
|
|
|a Women's rights
|z Bangladesh
|9 25274
|
| 650 |
|
|
|a Women
|x Legal status, laws, etc.
|z Bangladesh
|9 25275
|
| 700 |
|
|
|a Mahmud, Simeen
|9 25276
|
| 700 |
|
|
|a Tasneem, Sakiba
|9 25277
|
| 710 |
|
|
|a BRAC Development Institute.
|b BRAC University.
|9 25463
|
| 710 |
|
|
|a Pathways of Women's Empowerment Programme.
|9 25464
|
| 852 |
|
|
|a Ayesha Abed Library
|c General stacks
|
| 942 |
|
|
|2 ddc
|c BK
|
| 952 |
|
|
|0 0
|1 0
|2 ddc
|4 0
|6 305_409549200000000_KAB
|7 0
|9 62999
|a BRACUL
|b BRACUL
|c GEN
|d 2018-03-28
|e Complementary copy
|l 0
|o 305.4095492 KAB
|p 3010032540
|r 2018-03-28
|t 1
|w 2018-03-28
|y BK
|